Normal view
MARC view
- Yalamanchili, Bharathi Kumari
Entry Personal Name
001 - CONTROL NUMBER
- control field: 24815
003 - CONTROL NUMBER IDENTIFIER
- control field: IN-BhIIT
005 - DATE AND TIME OF LATEST TRANSACTION
- control field: 20241029101612.0
008 - FIXED-LENGTH DATA ELEMENTS
- fixed length control field: 241029|| aca||aabn | a|a d
040 ## - CATALOGING SOURCE
- Original cataloging agency: IN-BhIIT
- Transcribing agency: IN-BhIIT
100 ## - HEADING--PERSONAL NAME
- Personal name: Yalamanchili, Bharathi Kumari
670 ## - SOURCE DATA FOUND
- Source citation: Work cat.: (IN-BhIIT)14457: Yalamanchili, Bharathi Kumari. Author, Engineering chemistry /, 2013.